Bundesländer-Superlativen #1 - Statistiken

Allgemein
  • Dieses Quiz wurde 196 mal gespielt
  • Das Durchschnittsergebnis liegt bei 11 aus 16
Antwortstatistiken
Kategorie #1 Bundesland % Korrekt
Größte Fläche Bayern
99%
Meiste Einwohner Nordrhein-Westfalen
99%
Kleinste Fläche Bremen
98%
Größter Flughafen nach Passagieraufkommen Hessen
93%
Höchster % an ausländischen Einwohnern Berlin
81%
Nördlichster Punkt Schleswig-Holstein
80%
Grenzt an die meisten anderen Bundesländer Niedersachsen
74%
Höchste Anzahl an Seen Brandenburg
66%
Größter Bevölkerungsrückgang seit 1995 Sachsen-Anhalt
62%
Höchstes BIP pro Kopf Hamburg
61%
Höchster % Waldfläche Rheinland-Pfalz
58%
Höchste Suizidrate Sachsen
58%
Wenigster Niederschlag Mecklenburg-Vorpommern
57%
Niedrigstes BIP pro Kopf Thüringen
57%
Längste Achterbahn Baden-Württemberg
52%
Höchste Durchschnittstemperatur Saarland
46%
Keine übereinstimmenden Quizze gefunden
Verteilung der Resultate
Anzahl Personen mit jedem Resultat
Perzentil nach korrekt beantworteten Fragen
Ihre Resultats-Entwicklung
Sie haben dieses Quiz noch nicht gespielt